000 00739nam a2200181 a 4500
008 160610s2013 ||||||||||||||||| || u
020 _a9780198728245
050 _aHC 60 Ram
100 _aRamalingam, Ben
245 1 1 _a Aid on the edge of chaos: rethinking international cooperation in a complex world
_cBy Ben Ramalingam
260 _aOxford
_bOxford University Press
_c2013
300 _axxiii, 440p.: ill.
350 _a29.95
650 0 _aECONOMIC ASSISTANCE
650 _aECONOMIC ASSISTANCE--EVALUATION
650 _aECONOMIC ASSISTANCE--INTERNATIONAL COOPERATION
995 _FCBU-MAIN LIBRARY (Kitwe)
_I29.95
_M1
_UAVAILABLE
_WJun 13, 2016
_ZMain Library Open Access Collection
999 _c34000
_d34000